[Event "AUTO-INT-1809"]
[Site "http://www.queenalice.com/game.php?id=827880"]
[Date "2010.9.4"]
[Round "1"]
[White "daniel0176"]
[Black "Markinhogatinho"]
[Result "1/2-1/2"]
[WhiteElo "1469"]
[BlackElo "1444"]

1. e4 c5 2. Nc3 d6 3. h3 g6 4. Nf3 Bg7 5. d4 cxd4 6. Nb5 e5 7. c3 dxc3 8. Nxc3
Nf6 9. Bc4 O-O 10. Ng5 Nbd7 11. Bxf7+ Rxf7 12. Nxf7 Kxf7 13. O-O Nc5 14. Be3
Ncxe4 15. Qb3+ Be6 16. Qxb7+ Kg8 17. Nxe4 Nxe4 18. Qxe4 Bf5 19. Qd5+ Kh8 20.
Rfe1 Rb8 21. b3 e4 22. Rad1 Qd7 23. Qxd6 Qxd6 24. Rxd6 Rc8 25. Red1 Bf8 26. Rd8
Rxd8 27. Rxd8 Kg8 28. b4 Kf7 29. Bxa7 Bxb4 30. Rb8 Bd6 31. Rb7+ Kg8 32. a4 h6
33. Bb8 Bxb8 34. Rxb8+ Kf7 35. Rb7+ Ke6 36. a5 Kd6 37. Rb6+ Kc7 38. Ra6 Kb7 39.
Rb6+ Ka7 40. Rd6 1/2-1/2

[Event "AUTO-INT-1809"]
[Site "http://www.queenalice.com/game.php?id=827881"]
[Date "2010.9.4"]
[Round "1"]
[White "Markinhogatinho"]
[Black "daniel0176"]
[Result "1-0"]
[WhiteElo "1443"]
[BlackElo "1430"]

1. e4 e5 2. Nf3 d6 3. Bc4 h6 4. d4 exd4 5. Qxd4 Nf6 6. e5 c5 7. Qd3 Qe7 8. O-O
dxe5 9. Re1 Nc6 10. Bb5 a6 11. Bxc6+ Bd7 12. Rxe5 Qxe5 13. Nxe5 Rd8 14. Bxd7+
Nxd7 15. Nxd7 Rxd7 16. Qe2+ Re7 17. Be3 h5 18. Nc3 f5 19. Qf3 b5 20. Bxc5 Re5
21. Bxf8 Rxf8 22. Qa8+ Kf7 23. Qb7+ Kg8 24. Qxa6 Rfe8 25. h3 b4 26. Qc4+ Kh8 27.
Qxb4 g5 28. Qd4 Kg8 29. Kh2 g4 30. hxg4 fxg4 31. g3 h4 32. Qxg4+ Kf8 33. Qxh4
R5e6 34. Qh8+ Kf7 35. Qh7+ Kf8 36. Nd5 Re2 37. Kg2 Rxc2 38. Rh1 Rxb2 39. Qh8+
Kf7 40. Qxb2 Re6 41. Rh7+ Kg6 42. Qg7+ Kf5 43. Qf7+ Ke5 44. Rh5+ Kd6 45. Qf8+
Kd7 46. Nf6+ Kc7 47. Rc5+ Rc6 48. Rxc6+ Kxc6 49. Qd8 Kc5 50. Qd5+ Kb4 51. Qc6
Ka3 52. Qb6 Kxa2 53. Nd5 Ka1 54. Ne3 Ka2 55. Nc4 Ka1 56. Qb2# 1-0

[Event "AUTO-INT-1809"]
[Site "http://www.queenalice.com/game.php?id=827892"]
[Date "2010.9.4"]
[Round "1"]
[White "marcelouco"]
[Black "Markinhogatinho"]
[Result "0-1"]
[WhiteElo "1725"]
[BlackElo "1458"]

1. e4 c5 2. Bc4 g6 3. Nf3 Bg7 4. Ng5 e6 5. d3 h6 6. Nf3 Nf6 7. e5 Ng8 8. O-O Nc6
9. Be3 d5 10. Bb5 a6 11. Bxc6+ bxc6 12. Bxc5 Ne7 13. d4 O-O 14. Bxe7 Qxe7 15. c3
c5 16. dxc5 Qxc5 17. b4 Qc7 18. Qd4 f6 19. exf6 Bxf6 20. Qg4 Kh7 21. Nfd2 Bxc3
22. Nxc3 Qxc3 23. Rfd1 e5 24. Qh4 Rf4 25. Qe7+ Kh8 26. Rac1 Qd4 27. Nf3 Qxb4 28.
Qxe5+ Kh7 29. Qxd5 Ra7 30. Rxc8 Rg7 31. Rd4 Rxd4 32. Qxd4 Qb1+ 0-1

[Event "AUTO-INT-1809"]
[Site "http://www.queenalice.com/game.php?id=827893"]
[Date "2010.9.4"]
[Round "1"]
[White "Markinhogatinho"]
[Black "marcelouco"]
[Result "1/2-1/2"]
[WhiteElo "1515"]
[BlackElo "1658"]

1. e4 e5 2. Nf3 Nc6 3. Bc4 Nf6 4. d4 exd4 5. Nxd4 Nxd4 6. Qxd4 b6 7. e5 Qe7 8.
O-O c5 9. Qd2 Qxe5 10. Re1 Ne4 11. Qd3 Bb7 12. Nc3 f5 13. f3 d5 14. Bb5+ Kd8 15.
fxe4 Bd6 16. g3 c4 17. Qd2 fxe4 18. Ba4 d4 19. Qg5+ Qxg5 20. Bxg5+ Kc7 21. Nb5+
Kc6 22. Nxd4+ Kd5 23. Rad1 Bc5 24. c3 h6 25. Be3 Ke5 26. b4 Bxd4 27. Bxd4+ Kf5
28. Bxg7 Rh7 29. Rf1+ Kg6 30. Be5 Re7 31. Rd6+ Kh7 32. Bf4 e3 33. Rxh6+ Kg7 34.
Bc2 Be4 35. Bxe4 Rxe4 36. Re1 Rxf4 37. gxf4 Kxh6 38. Rxe3 Kg6 39. Re6+ Kf5 40.
Rc6 b5 41. Rc5+ Kxf4 42. Rxb5 Kf3 43. Rc5 Rd8 44. Rf5+ Ke4 45. Rf7 Kd3 46. Rf3+
Kc2 47. a4 a5 48. b5 Kb3 49. b6 Kxa4 50. Rf4 Kb5 51. b7 Rb8 52. Rf7 Ka4 53. Rc7
Kb3 54. Rc5 Rxb7 55. Rxa5 Kxc3 56. Rc5 1/2-1/2

[Event "AUTO-INT-1809"]
[Site "http://www.queenalice.com/game.php?id=827900"]
[Date "2010.9.4"]
[Round "1"]
[White "Markinhogatinho"]
[Black "FranzMeM"]
[Result "0-1"]
[WhiteElo "1460"]
[BlackElo "1458"]

1. e4 e5 2. Nf3 d6 3. Bc4 Bg4 4. d4 a6 5. dxe5 h6 6. exd6 Bxd6 7. Qd5 Be6 8.
Qxb7 Bxc4 9. Qxa8 Ne7 10. Qa7 f6 11. Qd4 Be6 12. O-O O-O 13. Nc3 Nbc6 14. Qe3 a5
15. b3 Ng6 16. Bb2 Nb4 17. Qe2 Bg4 18. h3 Nf4 19. Qd1 Bxf3 20. Qxf3 Nxc2 21.
Rac1 Nd4 22. Qe3 Nf5 23. Qe1 Nd3 24. Qd2 Nxc1 25. Qxc1 Nd4 26. Nd5 Ne2+ 0-1

[Event "AUTO-INT-1809"]
[Site "http://www.queenalice.com/game.php?id=827901"]
[Date "2010.9.4"]
[Round "1"]
[White "FranzMeM"]
[Black "Markinhogatinho"]
[Result "1-0"]
[WhiteElo "1441"]
[BlackElo "1477"]

1. e4 c5 2. Nc3 d6 3. Qf3 Nf6 4. Bc4 g6 5. h3 Bg7 6. d3 O-O 7. Nge2 a6 8. Bg5 b6
9. Bxf6 exf6 10. d4 b5 11. Bd5 Ra7 12. dxc5 dxc5 13. a3 Be6 14. O-O b4 15. axb4
cxb4 16. Bxe6 fxe6 17. Na4 f5 18. Rad1 Qc7 19. c3 bxc3 20. bxc3 fxe4 21. Qxe4
Rf5 22. Qxe6+ Rf7 23. c4 Kh8 24. Nb6 Re7 25. Qc8+ Qxc8 26. Nxc8 Rxe2 27. Nxa7
1-0

[Event "AUTO-OPEN-2092"]
[Site "http://www.queenalice.com/game.php?id=827938"]
[Date "2010.9.4"]
[Round "1"]
[White "StoneStorm"]
[Black "Markinhogatinho"]
[Result "0-1"]
[WhiteElo "1150"]
[BlackElo "1521"]

1. e3 e5 2. Nc3 Bc5 3. Nf3 Nc6 4. Bb5 d6 5. Bxc6+ bxc6 6. Ng5 Qxg5 7. Qf3 Nf6 8.
Ne4 Nxe4 9. Qxe4 d5 10. Qf3 e4 11. Qg3 Qxg3 12. hxg3 O-O 13. d4 exd3 14. cxd3
Bb7 15. d4 Bb6 16. Bd2 c5 17. O-O-O cxd4 18. Rh4 dxe3 19. Bxe3 Bxe3+ 20. fxe3
Rfe8 21. Rdh1 h6 22. g4 Rxe3 23. g5 Rae8 24. gxh6 gxh6 25. Rg4+ Kh7 26. Rgh4
Re1+ 27. Rxe1 Rxe1+ 28. Kd2 Rg1 29. g4 Rg2+ 30. Kc3 Rg3+ 31. Kd4 Rg2 32. Ke3
Rxb2 33. g5 Rxa2 34. Rxh6+ Kg7 35. Kf4 Bc8 36. Rf6 Rf2+ 0-1

[Event "AUTO-OPEN-2092"]
[Site "http://www.queenalice.com/game.php?id=827939"]
[Date "2010.9.4"]
[Round "1"]
[White "Markinhogatinho"]
[Black "StoneStorm"]
[Result "0-1"]
[WhiteElo "1443"]
[BlackElo "1100"]

1. e4 e6 2. d4 Qh4 3. Nc3 Nf6 4. Nf3 Qh5 5. Be2 Qa5 6. Bd2 Bb4 7. a3 Bxc3 8.
Bxc3 Qb6 9. O-O Nxe4 10. Qd3 Nf6 11. b3 Nc6 12. Ne5 Nxe5 13. dxe5 Nd5 14. Bb2
O-O 15. c4 Nf4 16. Qe4 Nxe2+ 17. Qxe2 Qxb3 18. Qg4 Qxb2 0-1

[Event "AUTO-OPEN-2092"]
[Site "http://www.queenalice.com/game.php?id=827954"]
[Date "2010.9.4"]
[Round "1"]
[White "augustoalves"]
[Black "Markinhogatinho"]
[Result "0-1"]
[WhiteElo "1726"]
[BlackElo "1548"]

1. e4 c5 2. Bc4 g6 3. Qf3 e6 4. Nh3 Bg7 5. Ng5 Qxg5 6. O-O Qd8 7. Nc3 d6 8. d3
Nf6 9. Re1 O-O 10. a3 Re8 11. Bd2 Nc6 12. Bb5 Bd7 13. Bxc6 Bxc6 14. b4 cxb4 15.
axb4 d5 16. exd5 Nxd5 17. b5 Nxc3 18. bxc6 bxc6 0-1

[Event "AUTO-OPEN-2092"]
[Site "http://www.queenalice.com/game.php?id=827955"]
[Date "2010.9.4"]
[Round "1"]
[White "Markinhogatinho"]
[Black "augustoalves"]
[Result "1-0"]
[WhiteElo "1523"]
[BlackElo "1751"]

1. e4 e5 2. Nf3 Nc6 3. Bc4 Nf6 4. d4 Bd6 5. dxe5 Nxe5 6. Nxe5 Bxe5 7. Bg5 h6 8.
Bxf6 Qxf6 9. c3 Qc6 10. Qh5 Qf6 11. O-O O-O 12. Qe2 a6 13. Nd2 b5 14. Bb3 d6 15.
Nf3 Qg6 16. Nh4 Qg5 17. g3 Bg4 18. Qc2 Bf6 19. f4 1-0

[Event "AUTO-OPEN-2092"]
[Site "http://www.queenalice.com/game.php?id=902419"]
[Date "2011.2.18"]
[Round "2"]
[White "Markinhogatinho"]
[Black "philler"]
[Result "0-1"]
[WhiteElo "1567"]
[BlackElo "2136"]

1. d4 Nf6 2. c4 g6 3. Nc3 d5 4. cxd5 Nxd5 5. Nxd5 Qxd5 6. Qa4+ Bd7 7. Qd1 Bg7 8.
e3 O-O 9. b3 c5 10. Bc4 Qxg2 11. Qf3 Qxf3 12. Nxf3 Bc6 13. Be2 cxd4 14. exd4
Bxd4 15. Rb1 Be4 16. Nxd4 Bxb1 17. Nb5 Nd7 18. Nc7 Rac8 0-1

[Event "AUTO-OPEN-2092"]
[Site "http://www.queenalice.com/game.php?id=902420"]
[Date "2011.2.18"]
[Round "2"]
[White "philler"]
[Black "Markinhogatinho"]
[Result "1-0"]
[WhiteElo "2137"]
[BlackElo "1565"]

1. e4 c5 2. Nf3 d6 3. d4 Nf6 4. Nc3 cxd4 5. Qxd4 Nc6 6. Bb5 Bd7 7. Bxc6 Bxc6 8.
Bg5 e6 9. O-O-O h6 10. Bxf6 Qxf6 11. Qxf6 gxf6 12. Rhe1 Bg7 13. Rxd6 O-O 14.
Red1 f5 15. Nd4 Bxe4 16. Nxe4 fxe4 17. Rd7 b6 18. Nc6 a6 19. Re1 Rac8 20. Ne7+
1-0

[Event "as de Sempre?"]
[Site "http://www.queenalice.com/game.php?id=915581"]
[Date "2011.3.21"]
[Round "-"]
[White "Markinhogatinho"]
[Black "leandro1996"]
[Result "0-1"]
[WhiteElo "1536"]
[BlackElo "1894"]

1. d4 Nf6 2. c4 Nc6 3. Nf3 e6 4. Nc3 Bb4 5. Qc2 O-O 6. Bg5 Ne7 7. Bxf6 gxf6 8.
e3 Ng6 9. Bd3 a5 10. O-O f5 11. Ne2 f6 12. c5 a4 13. a3 Ba5 14. b4 axb3 15. Qxb3
d5 16. cxd6 cxd6 17. Bc4 d5 18. Bd3 Bc7 19. Nd2 Qd6 20. f3 Qxh2+ 21. Kf2 Qh4+
22. g3 Qh2+ 23. Ke1 Bxg3+ 24. Nxg3 Qxg3+ 25. Kd1 Qg2 26. e4 fxe4 27. fxe4 Kh8
28. exd5 exd5 29. Qb4 Bg4+ 30. Kc2 Rac8+ 31. Kb3 Qg3 32. Qb5 Bd7 33. Rf3 Qxf3
34. Nxf3 Bxb5 35. Bxb5 f5 36. Ng5 h6 37. Ne6 Rf6 38. Nc5 b6 39. Nd7 Rd6 40. Ne5
Kg7 41. Rg1 h5 0-1

[Event "As de Sempre?"]
[Site "http://www.queenalice.com/game.php?id=915582"]
[Date "2011.3.21"]
[Round "-"]
[White "leandro1996"]
[Black "Markinhogatinho"]
[Result "1-0"]
[WhiteElo "1911"]
[BlackElo "1563"]

1. f4 d5 2. e3 Nf6 3. d4 e6 4. c3 c5 5. Nf3 Nc6 6. Bd3 c4 7. Bc2 g6 8. O-O Bg7
9. Nbd2 O-O 10. Ne5 Ne7 11. Ndf3 Nh5 12. Bd2 Bxe5 13. fxe5 Ng7 14. e4 f6 15.
exf6 Rxf6 16. e5 Rf8 17. Qe2 Qb6 18. b3 cxb3 19. axb3 Nef5 20. Kh1 Qc6 21. g4
Ne7 22. Ng5 Rxf1+ 23. Qxf1 Qe8 24. Qh3 h5 25. Rf1 Bd7 26. Nf7 Bb5 27. Rf6 Be2
28. Qe3 Bxg4 29. Qh6 1-0

[Event "AUTO-INT-1987"]
[Site "http://www.queenalice.com/game.php?id=915591"]
[Date "2011.3.21"]
[Round "1"]
[White "kanibal"]
[Black "Markinhogatinho"]
[Result "1-0"]
[WhiteElo "1640"]
[BlackElo "1548"]

1. Nc3 e5 2. e4 Nc6 3. Nf3 Bc5 4. Bb5 d6 5. Bxc6+ bxc6 6. O-O Nf6 7. d4 Bb4 8.
dxe5 dxe5 9. Qxd8+ Kxd8 10. Na4 Nxe4 11. Nxe5 Be6 12. Nxc6+ Kc8 13. Nxb4 c5 14.
Nd3 c4 15. Nf4 Bf5 16. f3 Nf6 17. Nc3 Bxc2 18. Nfd5 Nxd5 19. Nxd5 Bd3 20. Re1
Rd8 21. Ne7+ Kb7 22. g4 Re8 23. Kf2 Ka6 24. Nf5 Rxe1 25. Kxe1 Re8+ 26. Kf2 g6
27. Nd4 Kb6 28. b3 1-0

[Event "AUTO-INT-1987"]
[Site "http://www.queenalice.com/game.php?id=915592"]
[Date "2011.3.21"]
[Round "1"]
[White "Markinhogatinho"]
[Black "kanibal"]
[Result "0-1"]
[WhiteElo "1561"]
[BlackElo "1627"]

1. e4 e5 2. Nf3 Nc6 3. Bc4 d6 4. d4 Nxd4 5. Nxd4 exd4 6. Qxd4 Nf6 7. Bg5 Be7 8.
O-O O-O 9. Nc3 c5 10. Qd3 h6 11. Bh4 a6 12. f4 Ng4 13. Bxe7 Qxe7 14. Nd5 Qh4 15.
h3 Nf6 16. e5 Nxd5 17. Bxd5 a5 18. Bf3 Qxf4 19. Qxd6 Qd4+ 20. Qxd4 cxd4 21. Rfd1
Re8 22. Rxd4 Rxe5 23. Rd8+ Kh7 24. Rd5 Rxd5 25. Bxd5 f6 26. Re1 Ra6 27. Re7 Kg6
28. Be4+ f5 29. Bd5 Rd6 0-1

[Event "AUTO-INT-1987"]
[Site "http://www.queenalice.com/game.php?id=915605"]
[Date "2011.3.21"]
[Round "1"]
[White "DDK"]
[Black "Markinhogatinho"]
[Result "1-0"]
[WhiteElo "1717"]
[BlackElo "1525"]

1. e4 c5 2. Nf3 d6 3. Bc4 Nf6 4. Ng5 e6 5. O-O g6 6. d3 Bg7 7. Nc3 O-O 8. Nb5 a6
9. Nc3 b5 10. Bb3 Nc6 11. a4 Nd4 12. axb5 Nd7 13. bxa6 Rxa6 14. Rxa6 Bxa6 15.
Bf4 Nxb3 16. cxb3 f5 17. Nxe6 Qe7 18. Nxf8 Qxf8 19. exf5 Qxf5 20. Bxd6 Bxd3 21.
Re1 c4 22. Re7 1-0

[Event "AUTO-INT-1987"]
[Site "http://www.queenalice.com/game.php?id=915606"]
[Date "2011.3.21"]
[Round "1"]
[White "Markinhogatinho"]
[Black "DDK"]
[Result "0-1"]
[WhiteElo "1534"]
[BlackElo "1698"]

1. e4 e5 2. Nf3 Nc6 3. Bc4 h6 4. d4 d6 5. dxe5 Nxe5 6. Nxe5 dxe5 7. Qxd8+ Kxd8
8. Bxf7 Nf6 9. Nc3 Bb4 10. f3 Rf8 11. Bc4 Nh5 12. g3 Rxf3 13. Bd2 Bh3 14. O-O-O
Ke8 15. Nd5 Bd6 16. Bb4 Rc8 17. Bxd6 cxd6 18. Bb5+ Bd7 19. Bxd7+ Kxd7 20. Rhf1
Rxf1 21. Rxf1 Rc4 22. b3 Rxe4 23. Nc3 Re3 0-1

[Event "AUTO-INT-1987"]
[Site "http://www.queenalice.com/game.php?id=915615"]
[Date "2011.3.21"]
[Round "1"]
[White "Markinhogatinho"]
[Black "archiphile"]
[Result "0-1"]
[WhiteElo "1517"]
[BlackElo "1614"]

1. e4 c5 2. f4 Nc6 3. Nf3 e6 4. g3 f6 5. Bg2 d5 6. Nc3 d4 7. Ne2 e5 8. f5 c4 9.
d3 Qa5+ 10. Bd2 Qb5 11. dxc4 Qxc4 12. O-O b6 13. b3 Qc5 14. Rc1 d3+ 15. Kh1 dxe2
16. Qxe2 Qa3 17. Ra1 Ba6 18. c4 Bc5 19. Be3 Nge7 20. Bxc5 Qxc5 21. Rab1 b5 22.
Rfd1 O-O 23. Rbc1 Rfd8 24. cxb5 Qxb5 0-1

[Event "AUTO-INT-1987"]
[Site "http://www.queenalice.com/game.php?id=915616"]
[Date "2011.3.21"]
[Round "1"]
[White "archiphile"]
[Black "Markinhogatinho"]
[Result "1-0"]
[WhiteElo "1626"]
[BlackElo "1505"]

1. b3 Nf6 2. Bb2 g6 3. e3 Bg7 4. d3 O-O 5. f4 d5 6. d4 Nc6 7. Nc3 Bf5 8. Bd3 Bg4
9. Nge2 Nb4 10. h3 Nxd3+ 11. Qxd3 Bxe2 12. Nxe2 Rc8 13. Nc3 c5 14. dxc5 Rxc5 15.
O-O-O e6 16. Ba3 Rxc3 17. Qxc3 Re8 18. Qb4 Ne4 19. Qxb7 Nf2 20. Rhf1 Nxd1 21.
Rxd1 Qa5 22. Qb4 Qa6 23. Re1 Qb6 24. Qa4 Rc8 25. Bb2 Qc5 26. Re2 1-0